Cartoon Network Shows By Character Quiz Stats

Quiz not verified by Sporcle

Challenge
Share
Tweet
Embed
Score 0/27 Timer 12:00
0 Plays Today
% Correct
Johnny Bravo
72.4%
Star Wars The Clone Wars
67.6%
Adventure Time
63.9%
Grim Adventures Of Billy And Mandy
57.3%
Ben 10
56.2%
Johnny Test
54.1%
Total Drama Island
53.8%
Courage The Cowardly Dog
53.3%
Teen Titans
53.1%
Total Drama Action
45.1%
Foster's Home For Imaginary Friends
44.8%
My Gym Partner's A Monkey
44.6%
Chowder
42.4%
Camp Lazlo
39%
% Correct
Flapjack
35%
Batman The Brave And The Bold
34%
Total Drama World Tour
33.7%
Ed,Edd,Eddy
32.9%
Ben 10 Alien Force
32.9%
Ben 10 Ultimate Alien
28.9%
Destroy Bulid Destroy
27.6%
Generator Rex
23.9%
6Teen
14.3%
Secret Saturdays
12.7%
Scooby Doo Mystery Incorperated
9.5%
Stoked
8.2%
Unnatural History
5%

You're not logged in!

Compare scores with friends on all Sporcle quizzes.
Sign Up with Email
OR
Log In

You Might Also Like...

Show Comments

Extras

Top Quizzes Today


Score Distribution

Your Account Isn't Verified!

In order to create a playlist on Sporcle, you need to verify the email address you used during registration. Go to your Sporcle Settings to finish the process.

Report this User

Report this user for behavior that violates our Community Guidelines.

Details: